Pokemon 1. Generation nach Buchstabe N - Statistiken

Allgemein
  • Dieses Quiz wurde 62 mal gespielt
  • Das Durchschnittsergebnis liegt bei 6 aus 8
Antwortstatistiken
Antwort % Korrekt
Nidoking
98%
Nidoqueen
98%
Nidorino
98%
Nidorina
93%
Nidoran♀
76%
Nidoran♂
76%
Nebulak
69%
Nockchan
36%
Keine übereinstimmenden Quizze gefunden
Verteilung der Resultate
Anzahl Personen mit jedem Resultat
Perzentil nach korrekt beantworteten Fragen
Ihre Resultats-Entwicklung
Sie haben dieses Quiz noch nicht gespielt